000 01356ngm a22003730a 4500
001 PT47755
003 AR-LpoUNG
005 20210202000027.0
007 vd cvaizq
008 191001s2009||||ag |||||||||||||||||spa d
037 _c$2,50
040 _aAR-LpoUNG
_bspa
_cAR-LpoUNG
_eaacr
041 _aspa
044 _aag
082 0 _a982.063 216cip
100 1 _aGarcía Durán, Jairo Daniel
_edir.
245 1 3 _aEl Cipolletazo :
_bvoces desde la historia
260 _aBuenos Aires :
_bAndariega,
_c2009.
300 _aDVD (85 min.) : son., col.
505 0 _aInvestigación: Guadalupe Gómez, Pablo Guerra. Música: Miguel Ángel Barcos, Daniel Sánchez.
520 _aEsta película recorre dos caminos complementarios. Por un lado, recupera los relatos testimoniales de quienes participaron o vivieron como testigos aquellos días de primavera en 1969, y por otro, busca reconstruir los hechos, el contexto y el clima de época a partir de diarios, materiales de archivo y documentos de la comunidad de Cipolletti.
650 4 _aARGENTINA
650 4 _aDICTADURA
650 4 _aGOBIERNO MILITAR
650 4 _aHISTORIA POLITICA
650 4 _aIDENTIDAD CULTURAL
653 _aCINE ARGENTINO
653 _aDOCUMENTALES
653 _aDVD
653 _aMEMORIA COLECTIVA
653 _aVIDEOS
905 _a47755
942 _cDVD
999 _c53974
_d53974